[Event "Stuttgart-chA int"]
[Site "Gerlingen"]
[Date "2007.05.18"]
[Round "4"]
[White "Meyerhoff, Hauke"]
[Black "Gussakovski, Jana"]
[Result "1/2-1/2"]
[WhiteElo "1847"]
[BlackElo "2091"]
[PlyCount "49"]
[EventDate "2007.05.17"]
[EventType "swiss"]
[EventRounds "7"]
[EventCountry "GER"]
[SourceTitle "EXT 2018"]
[Source "ChessBase"]
[SourceDate "2017.10.13"]
[SourceVersion "1"]
[SourceVersionDate "2017.10.13"]
[SourceQuality "1"]

1. c4 g6 2. g3 Bg7 3. Bg2 f5 4. d4 Nf6 5. Nc3 0-0 6. Nf3 d6 7. 0-0 Qe8 8. Re1 Qf7 9. b3 Ne4 10. Bb2 Nc6 11. e3 e5 12. d5 Nd8 13. Nd2 Nc5 14. Qc2 e4 15. Bf1 Nd7 16. f4 h6 17. Nb5 Nf6 18. Nd4 Kh7 19. Bh3 c6 20. dxc6 bxc6 21. Rad1 Bd7 22. Ba3 Nb7 23. Nb1 Rfd8 24. Nc3 Ne8 25. Re2 1/2-1/2